| 000 | 00909nam a22002297a 4500 | ||
|---|---|---|---|
| 999 |
_c52171 _d52171 |
||
| 005 | 20210325201237.0 | ||
| 008 | s2549 th tha d | ||
| 020 | _a9749458338 | ||
| 040 | _aNALT | ||
| 041 | _atha | ||
| 050 |
_aVA 66.S4 _bอ791ส 2549 |
||
| 100 | 0 |
_aอุดมพร สมพงษ์ _946883 |
|
| 245 | 1 | 0 |
_aสู่อาศรมคนกล้า ซีล ทีม วัน / _cอุดมพร สมพงษ์ |
| 260 |
_aกรุงเทพฯ : _bอนิเมทกรุ๊ป, _c2549. |
||
| 300 |
_a192 หน้า : _bภาพประกอบ ; _c21 ซม. |
||
| 650 | 4 |
_aทหารเรือ _934270 _zสหรัฐอเมริกา |
|
| 651 | 4 |
_946884 _aทหารเรือ _xการฝึก |
|
| 653 | 4 | _aหน่วยสงครามพิเศษทางเรือ | |
| 850 | _aNALT | ||
| 942 |
_cGB _2lcc |
||